000
00307nam a2200121Ia 4500
008
191201s2009 xx 000 0 und d
100
_a
Goyal, Manish
245
0
_a
Computer Based numerical & Statistics
260
_c
2009
_b
Laxmi Publications
_a
N.Delhi
300
_a
588
650
_a
MCA
942
_2
ddc
_c
BB
_0
1
999
_c
7463
_d
7463